000 00374nam a22001697a 4500
003 OSt
005 20220111155552.0
008 220111b |||||||| |||| 00| 0 eng d
020 _a9788126540013
040 _cHU
082 _a526.982
100 _aLeick Alfred
_915012
245 _aGps Satellite Surveying
260 _bWiley
300 _f435
942 _2ddc
_cBOOKS
_n0
999 _c26620
_d26620